000 00286nam a2200133Ia 4500
008 230312s9999||||xx |||||||||||||| ||und||
082 _a891.4
_bQUD-M
100 _aQudsia, Bano
245 0 _aMoam Ki Galian
260 _bSangeMeel
300 _a90
650 _aLiterature
942 _cBK
999 _c8733
_d8733